The philosophy of language

Αποθηκεύτηκε σε:
Λεπτομέρειες βιβλιογραφικής εγγραφής
Άλλοι συγγραφείς: Martinich, Aloysius (Επιμελητής έκδοσης)
Μορφή: Βιβλίο
Γλώσσα:English
Δημοσίευση: New York : Oxford University Press, 1990
Έκδοση:2nd ed.
Θέματα:
Ετικέτες: Προσθήκη ετικέτας
Δεν υπάρχουν, Καταχωρήστε ετικέτα πρώτοι!

MARC

LEADER 00000cam a2200000 i 4500
001 1/5793
008 960614s1990 eng d
020 |a 0-19-506254-X 
035 |l 10016131 
040 |a GR-MY-UA  |b gre  |e aacr 
041 0 |a eng 
082 0 |a 401 
245 1 4 |a The philosophy of language /  |c Edited by A. P. Martinich 
250 |a 2nd ed. 
260 |a New York :   |b Oxford University Press,   |c 1990 
300 |a xi, 528 σ.;  |c 25 εκ. 
504 |a Περιέχει βιβλιογραφικές παραπομπές 
650 0 |a Language and languages  |x Philosophy. 
700 1 |a Martinich, Aloysius.  |4 edt 
852 |a INST  |b LESVOS  |e 19960614  |h 401 PHI  |p 005100005015  |q 005100005015  |t BK  |y 0 
909 |a Λ  |b 018777